000 00781nam a22002057a 4500
999 _c3870
_d3870
003 AR-CdUCM
008 190307b ||||| |||| 00| 0 esp d
020 _aISBN
040 _aMUNICIPALIDAD PROVINCIAL DEL CUSCO
_cBIBLIOTECA MUNICIPAL DEL CUSCO
082 _a869.56038 /
_bE 1
245 _aPremio COPÉ de cuentos 1979 /
_cPETROPERU.
260 _aLima :
_bDepartamento de Relaciones Públicas de PetroPerú,
_c1981.
300 _a333 paginas ;
_c11 cm.
500 _aDonación familia Luis Nieto.
505 _aActa del jurado -- El Gerente, por Carlos A. Bravo Espinoza -- No sueñes con palomas, por Eduardo Gonzales Viaña -- De todas maneras quiero ir a la Gloria ...
650 _aCuento peruano
_93686
650 _aSiglo XX
_98
942 _2ddc
_cLIBROS
945 _aacrt